Development of strategic consultancy to farm managers: experiences from an action research approach (Record no. 71687)
[ view plain ]
| 000 -LEADER | |
|---|---|
| fixed length control field | 01410cam a2200241 4500 |
| 001 - CONTROL NUMBER | |
| control field | ABS66182 |
| 008 - FIXED-LENGTH DATA ELEMENTS--GENERAL INFORMATION | |
| fixed length control field | 021202n2002 000 0 eng u |
| 035 ## - SYSTEM CONTROL NUMBER | |
| System control number | (Sirsi) u120638 |
| 100 ## - MAIN ENTRY--PERSONAL NAME | |
| Personal name | Lund, M |
| 245 ## - TITLE STATEMENT | |
| Title | Development of strategic consultancy to farm managers: experiences from an action research approach |
| 260 ## - PUBLICATION, DISTRIBUTION, ETC. | |
| Date of publication, distribution, etc. | 2002 |
| 490 ## - SERIES STATEMENT | |
| Series statement | Farm Management |
| Volume/sequential designation | 11(6) October 2002, 409-423(8) |
| 520 ## - SUMMARY, ETC. | |
| Summary, etc. | Presents a Danish action research approach to the development of strategic consultancy to farm managers. The development principles adopted include separate investigations of the content and process of strategic consultancy resulting in the formulation of a development matrix and a procedure for knowledge transformations. The project activities were carried out by a self-organised team group with participants from both consultancy and research organisations. The produced knowledge and strategic tools have been tested in a number of farm cases by local consultants and the implemented evaluation programme indicates that the needs of farmers have been fulfilled and the local consultants have increased their strategic competencies. |
| 590 ## - LOCAL NOTE (RLIN) | |
| Local note | ABS |
| 650 ## - SUBJECT ADDED ENTRY--TOPICAL TERM | |
| Topical term or geographic name entry element | FARM MANAGEMENT |
| 650 ## - SUBJECT ADDED ENTRY--TOPICAL TERM | |
| Topical term or geographic name entry element | CONSULTANCY ROLE |
| 650 ## - SUBJECT ADDED ENTRY--TOPICAL TERM | |
| Topical term or geographic name entry element | FARM MANAGERS |
| 650 ## - SUBJECT ADDED ENTRY--TOPICAL TERM | |
| Topical term or geographic name entry element | DENMARK |
| 650 ## - SUBJECT ADDED ENTRY--TOPICAL TERM | |
| Topical term or geographic name entry element | AGRICULTURAL BUSINESSES |
| 690 ## - LOCAL SUBJECT ADDED ENTRY--TOPICAL TERM (OCLC, RLIN) | |
| Topical term or geographic name as entry element | RURAL-FARM BUSINESS MANAGEMENT |
| 700 ## - ADDED ENTRY--PERSONAL NAME | |
| Personal name | Larsen, T |
| 942 ## - ADDED ENTRY ELEMENTS (KOHA) | |
| Suppress in OPAC | 0 |
| Withdrawn status | Lost status | Source of classification or shelving scheme | Damaged status | Not for loan | Home library | Current library | Shelving location | Date acquired | Total Checkouts | Full call number | Barcode | Date last seen | Copy number | Price effective from | Koha item type |
|---|---|---|---|---|---|---|---|---|---|---|---|---|---|---|---|
| Dewey Decimal Classification | London | London | Journal article | 02/12/2002 | ABS66182 | 120638-1001 | 06/08/2019 | 1 | 06/08/2019 | Journal article |